00862nam a22002417a 450000500170000001000130001702000260003003500130005603700160006904000120008508200130009710000270011024501020013726000530023927000430029230000250033550000480036065000280040865000190043694200220045599900190047795201240049620170124105936.0 aB-220483 c650.00a9788121511728 aB-220483 bCen Lib/Ret aDPLbEN a235bPAN aPandit, Moti Lal99854 aThe disclosure of being :cby Moti Lal Panditb a study of Yogic and Tantric methods of enstasy / aNew DelhibMunshiram Manoharlal Publishersc2006 a54 Rani Jhansi RoadbNew Delhie110055 axxxi,347p.c22cm(Hb) aIncludes bibliographic references and index aPhilosophy, Indic99855 aTantrism99856 2ddccENh235mPAN c124225d124225 00104070aLbLd2015-06-15eCen Lib/Retg650.00l0o235 PANpB-220483r2015-06-15 00:00:00t1v650.00w2015-06-15yEN